平成に消滅・改称した沖縄県の市町村 - Statistics

General Stats
  • This quiz has been taken 19 times
  • The average score is 13 of 17
Answer Stats
変更年月日 変更内容 回答 変更後の市町村 % Correct
2002.04/01 新設合併 具志川村 久米島町
92%
2005.04/01 新設合併 石川市 うるま市
92%
2005.04/01 新設合併 具志川市 うるま市
92%
2005.04/01 新設合併 勝連町 うるま市
92%
2005.10/01 新設合併 平良市 宮古島市
92%
2002.04/01 新設合併 仲里村 久米島町
83%
2006.01/01 新設合併 知念村 南城市
83%
2006.01/01 新設合併 大里村 南城市
83%
2006.01/01 新設合併 東風平町 八重瀬町
83%
2005.04/01 新設合併 与那城町 うるま市
75%
2006.01/01 新設合併 佐敷町 南城市
75%
2005.10/01 新設合併 伊良部町 宮古島市
67%
2006.01/01 新設合併 玉城村 南城市
67%
2005.10/01 新設合併 下地町 宮古島市
58%
2005.10/01 新設合併 上野村 宮古島市
58%
2006.01/01 新設合併 具志頭村 八重瀬町
58%
2005.10/01 新設合併 城辺町 宮古島市
50%
No matching quizzes found
Score Distribution
Percent of People with Each Score
Percentile by Number Answered
Your Score History
You have not taken this quiz